| 000 | 00676nam a22002172a 4500 | ||
|---|---|---|---|
| 001 | 30182 | ||
| 003 | BD-RjUL | ||
| 005 | 20211209051526.0 | ||
| 008 | 140409s1921 enk 000 0 eng d | ||
| 035 |
_aOCLC ocm06135489 from D950722M _a(BD-RjUL)30267 |
||
| 040 |
_aVSC _cVSC _dEQO _dBD-RjUL _beng |
||
| 041 | _aeng | ||
| 082 |
_a135 _bARS 1921 |
||
| 090 |
_aBF1078 _b.A7 1921 |
||
| 100 | 1 |
_aArnold-Forster, Mary Lucy _q(Story-Maskelyne), _d1861- _991768 |
|
| 245 | 1 | 0 |
_aStudies in dreams / _cby Mary Arnold-Forster; with a foreword by Morton Prince |
| 260 |
_aLondon : _bAllen and Unwin, _c1921. |
||
| 300 |
_axxxv, 178 p. ; _c20cm |
||
| 650 | 0 |
_aDreams _991769 |
|
| 942 |
_2ddc _cBK |
||
| 999 |
_c30182 _d30182 |
||